000 01018nam a22002297a 4500
003 JO-AjAnu
005 20250723112810.0
008 250723b jo ||||| |||| 00| 0 ara d
040 _aJO-AjAnu
_bara
_cJO-AjAnu
_dJO-AjAnu
_erda
041 _aara
_hara
050 _aDS153.4.G4252
_b2012
100 1 _aغرايبة، خليف مصطفى
_eمؤلف
_966627
245 0 _aالتربية الوطنية /
_cتأليف خليف مصطفى غرايبة، احمد عارف الكفارنة، احمد محمد ربيع، محمد علي عكاشة المومني
250 _aالطبعة الثالثة
260 _aاربد :
_bالمركز القومي للنشر،
_c2012
300 _a234 صفحة
650 7 0 _aالتربية الوطنية
_966628
700 1 _aالكفارنة، احمد عارف
_eمؤلف مشارك
_966629
700 1 _aالمومني، محمد علي عكاشة
_eمؤلف مشارك
_966631
700 1 _aربيع، احمد محمد
_eمؤلف مشارك
_966630
942 _2lcc
_cBK
_n0
999 _c33963
_d33963